The Fright of Real Tears : (Record no. 586612)

MARC details
000 -LEADER
fixed length control field 00483nam a2200193 a 4500
008 - FIXED-LENGTH DATA ELEMENTS--GENERAL INFORMATION
fixed length control field 250911s2001##################000#0#eng##
020 ## - INTERNATIONAL STANDARD BOOK NUMBER
ISBN 9780851707549
082 04 - DEWEY DECIMAL CLASSIFICATION NUMBER
Classification number 791.430233
Item number ZIZ
100 1# - MAIN ENTRY--AUTHOR NAME
Personal name Žižek, Slavoj,
245 10 - TITLE STATEMENT
Title The Fright of Real Tears :
260 ## - PUBLICATION, DISTRIBUTION, ETC. (IMPRINT)
Name of publisher British Film Inst,
Year of publication 2001.
300 ## - PHYSICAL DESCRIPTION
Number of Pages 213 pages
650 #0 - SUBJECT ADDED ENTRY--TOPICAL TERM
Topical Term Performing Arts.
942 ## - ADDED ENTRY ELEMENTS (KOHA)
Koha item type English Books
Holdings
Withdrawn status Lost status Damaged status Not for loan Home library Current library Shelving location Date acquired Full call number Accession Number Price effective from Koha item type
        Anna Centenary Library Anna Centenary Library 6TH FLOOR, B WING 11.09.2025 791.430233 ZIZ 305112 11.09.2025 English Books

Find us on the map